000
00286nam a22001337a 4500
008
170928b xxu||||| |||| 00| 0 eng d
020
_a
9780941711043
041
_a
eng
080
_a
37
100
_a
47
101
_a
EDU
245
_a
ANGUISHED ENGLISH
_c
LEDERE.R
942
_2
udc
_c
BK
999
_c
30553
_d
30553